Barrio-logos : space and place in urban Chicano literature and culture

Saved in:
Bibliographic Details
Main Author: Villa, Raul
Format: Book
Language:English
Published: Austin : University of Texas Press, c2000
Subjects:
Tags: Add Tag
No Tags, Be the first to tag this record!

MARC

LEADER 00000nam a2200000 i 4500
001 1/83328
008 080418s2000 eng d
020 |a 0-292-78742-1 
035 |l 10096899 
040 |a GR-MY-UA  |b gre  |e aacr 
041 0 |a eng 
082 0 |a 810.986872  |2 (22) 
100 1 |a Villa, Raul. 
245 1 0 |a Barrio-logos :  |b space and place in urban Chicano literature and culture /  |c Villa, Raϊl 
260 |a Austin :   |b University of Texas Press,   |c c2000 
300 |a viii, 274 σ.;  |c 24 εκ. 
504 |a Περιλαμβάνει βιβλιογραφίες και ευρετήριο 
650 0 0 |a City and town life in literature. 
650 0 0 |a Space and time in literature. 
650 0 0 |a Setting (literature) 
852 |a INST  |b RHODES  |e 20080418  |h 810.986872 VIL  |p 005400029276  |q 005400029276  |t BK  |y 0 
901 |a BIBL4-2008-1 
909 |a Ρ  |b 152456 
922 |a 4ΕΛΗ  |b 200803  |c ΕΠΕΑΕΚ2/ΠΤΔΕ  |d ΕΛΕΥΘΕΡΟΥΔΑΚΗΣ 
970 |a ΜΙΣΣΟΣ  |b ΣΤΑΥΡΟΣ  |z 2008/04/18